00823nam a2200157Ia 4500003000900000005001700009008004100026040003100067040001300098100002200111245005300133260005400186300001800240490002500258520038200283IT-RoPAU20220918175429.0120407s9999 xx 000 0 und d aIT-RoPAUc20130625100746.0 cIT-RoPAU aEugenio Fornasari aL'uomo del serviziobDon Benedetto Saverio Boano aGaggiano (Milano)bS.A.P. Arti Poligrafichec1992 c21cma136 pp. vEdizioni "San Paolo" aIndice Presentazione di S. E. Mons. Giulio Nicolini Premessa Prefazione Carta d'identità€ "Il grande mulo" Chi è€ Don Alberione? Flash-back di una vita L'ordinazione sacerdotale La prima missione paolina all'estero In Sicilia Fondazione paolina in Portogallo Maestro dei Novizi Una vita al servizio del Vangelo I due giubilei Gli ultimi anni Nella Vita Eterna Postfazione